Library of the University of Algiers 3
Ibrahim Sultan Cheibout
شعار جامعة الجزائر 3
مكتبة جامعة الجزائر 3
إبراهيم سلطان شيبوط

القانون الدولي العام في ثوبه الجديد / (رقم التسجيلة. 42380)

تفاصيل مارك
000 -LEADER
fixed length control field 01013nam a2200217Ia 4500
003 - CONTROL NUMBER IDENTIFIER
control field Ost
005 - DATE AND TIME OF LATEST TRANSACTION
control field 20260507075029.0
008 - FIXED-LENGTH DATA ELEMENTS--GENERAL INFORMATION
fixed length control field 260507s9999||||xx |||||||||||||| ||und||
040 ## - CATALOGING SOURCE
Transcribing agency fsecg
041 ## - LANGUAGE CODE
Language code of text/sound track or separate title ara
082 ## - DEWEY DECIMAL CLASSIFICATION NUMBER
Classification number 330
100 ## - MAIN ENTRY--PERSONAL NAME
Personal name السيد، رشاد عارف
Relator term مؤلف
245 #0 - TITLE STATEMENT
Title القانون الدولي العام في ثوبه الجديد /
Statement of responsibility, etc. رشاد عارف السيد
260 ## - PUBLICATION, DISTRIBUTION, ETC.
Place of publication, distribution, etc. عمان:
Name of publisher, distributor, etc. دار وائل للنشر,
Date of publication, distribution, etc. 2001
300 ## - PHYSICAL DESCRIPTION
Extent 270 صفحة؛
Other physical details إيضاحات ؛
Dimensions 24 سم
520 ## - SUMMARY, ETC.
Summary, etc. عموميات في التعريف بقانون الدولي العام، مصادر القانون الدولي العام، الشخصية القانونية الدولية، المسؤولية الدولية، الوسائل السلمية لتسوية المنازعات الدولية، الفرد في القانون الدولي
653 ## - INDEX TERM--UNCONTROLLED
Uncontrolled term القانون
653 ## - INDEX TERM--UNCONTROLLED
Uncontrolled term القانون الدولي
653 ## - INDEX TERM--UNCONTROLLED
Uncontrolled term المنازعات الدولية
942 ## - ADDED ENTRY ELEMENTS (KOHA)
Koha item type كتب
المقتنيات
Withdrawn status Lost status Source of classification or shelving scheme Damaged status Not for loan Home library Current library Date acquired Serial enumeration / chronology Inventory number Total checkouts Full call number Barcode Date last seen Price effective from Koha item type
    Dewey Decimal Classification   NOT LOAN / إعارة داخلية مكتبة كلية العلوم الإقتصادية والعلوم التجارية وعلوم التسيير مكتبة كلية العلوم الإقتصادية والعلوم التجارية وعلوم التسيير 07/05/2026 الطابق الأرضي 1/222   أ/222ن1 1/222 07/05/2026 07/05/2026 كتب

موارد الويب المفتوحة


© University of Algiers 3 All Rights Reserved
|
Implemented by LECHELAH Riad